Indovina il Paese dalle Emoji - Statistics

Statistiche generali
  • Questo quiz è stato fatto 188 volte
  • Il punteggio medio è 13 su 20
Statistiche sulle risposte
Hint Risposta % Corretto
🥖🗼🎨 Francia
97%
🌮🌵💀 Messico
97%
🦘🌏🏜️ Australia
96%
🍕🏛️🛵 Italia
96%
🍁🏒🐻 Canada
95%
🥢🏮🐼 Cina
95%
🏈🦅🗽 Stati Uniti
95%
🍣⛩️🗻 Giappone
94%
🥨🏰🍺 Germania
93%
🐫🏺🔺 Egitto
88%
🏔️⛷️🧀 Svizzera
86%
🛕🐘🍛 India
82%
🎩☕🏰 Regno Unito
53%
🎻🏔️🍷 Austria
49%
🏄‍♂️🌸🍜 Corea del Sud
26%
🥩🏞️🐄 Argentina
22%
🏰🎭🍻 Cechia
14%
🏝️🐒🌋 Brasile
7%
🥥🌴🌊 Filippine
4%
🥔⛰️🎭 Perù
4%
Nessun quiz corrispondente trovato
Distribuzione punteggi
Percentuale di utenti per punteggio
Percentile per numero di risposta
I tuoi punteggi nel tempo
Non hai fatto questo quiz